Spoločná európska zahraničná a bezpečnostná politika - druhý pilier Európskej únie
Historické pozadie vývoja myšlienky spoločnej zahraničnej a bezpečnostnej politiky. Vývoj druhého piliera EÚ po vstupe Amsterdamskej zmluvy do platnosti. Zhodnotenie procesu formovania spoločnej európskej zahraničnej a bezpečnostnej politiky.
Uložené v:
| Hlavný autor: | |
|---|---|
| Médium: | Kapitola |
| Jazyk: | Slovak |
| Predmet: | |
| Tagy: |
Žiadne tagy, Buďte prvý, kto otaguje tento záznam!
|
MARC
| LEADER | 00000naa a2200000 4500 | ||
|---|---|---|---|
| 001 | r040750 | ||
| 005 | 20230922115416.0 | ||
| 041 | 0 | |a slo | |
| 044 | |a SK | ||
| 245 | 1 | 0 | |a Spoločná európska zahraničná a bezpečnostná politika - druhý pilier Európskej únie |c Daniela Geisbacherová |
| 520 | |a Historické pozadie vývoja myšlienky spoločnej zahraničnej a bezpečnostnej politiky. Vývoj druhého piliera EÚ po vstupe Amsterdamskej zmluvy do platnosti. Zhodnotenie procesu formovania spoločnej európskej zahraničnej a bezpečnostnej politiky. | ||
| 610 | 2 | 0 | |a politika zahraničná |
| 610 | 2 | 0 | |a politika bezpečnostná |
| 610 | 2 | 0 | |a Európa |
| 610 | 2 | 0 | |a história |
| 610 | 2 | 0 | |a dohody medzinárodné |
| 610 | 2 | 0 | |a Európska únia |
| 100 | 1 | |a Geisbacherová, Daniela | |